Butterfly story /

Bibliographic Details
Main Author: Hariton, Anca
Format: Book
Language:English
Published: New York : Dutton Children's Books, [1995]
Edition:1st ed.
Subjects:

MARC

Tag First Indicator Second Indicator Subfields
LEADER 00000pam a2200000 a 4500
001 in00001409948
005 20151020070429.0
008 940524s1995 nyua j 000 0 eng
010 |a  94019377  
020 |a 0525452125 
035 |a (OCoLC)30702614 
035 |9 AHP8886AM 
040 |a DLC  |c DLC  |d UtOrBLW 
049 |a TXAG 
050 0 0 |a QL544.2  |b .H37 1995 
082 0 0 |a 595.78/9  |2 20 
100 1 |a Hariton, Anca. 
245 1 0 |a Butterfly story /  |c Anca Hariton. 
250 |a 1st ed. 
264 1 |a New York :  |b Dutton Children's Books,  |c [1995] 
264 4 |c ©1995 
300 |a 1 volume (unpaged), 32 unnumbered pages :  |b color illustrations ;  |c 24 cm. 
336 |a text  |b txt  |2 rdacontent 
337 |a unmediated  |b n  |2 rdamedia 
338 |a volume  |b nc  |2 rdacarrier 
650 0 |a Butterflies  |x Life cycles  |v Juvenile literature. 
650 0 |a Butterflies  |v Juvenile literature. 
650 1 |a Butterflies. 
650 1 |a Caterpillars. 
948 |a c:en 
999 |a MARS 
999 f f |s 80137eb0-1eb4-3aac-b1b5-01def15e82a2  |i df74db3e-d266-3592-b8c3-98609c4a00e2  |t 0 
952 f f |p normal  |a Texas A&M University  |b College Station  |c Sterling C. Evans Library  |d Evans: Curriculum Collection (4th floor)  |t 0  |e QL544.2 .H37 1995  |h Library of Congress classification  |i unmediated -- volume  |m A14822370224 
998 f f |a QL544.2 .H37 1995  |t 0  |l Evans: Curriculum Collection (4th floor)